00362nam a2200121Ia 4500008004100000041000800041082001700049100002200066245004500088260006200133300003400195365001100229240624s9999 xx 000 0 und d aeng a658.4063 DHA aDHARASKAR RAJIV B aINNOVATION GROWTH ENGINE FOR NATION NICE c2015aNew DelhibShroff Publishers & Distributors Pvt Ltd axxviii, : 611 : p. : cm. ; 22 cRSb30